[Event "St Petersburg Korchnoi Memorial op"]
[Site "St Petersburg"]
[Date "2023.08.23"]
[Round "8"]
[White "Pankova, Julia"]
[Black "Zagrebina, Marina"]
[Result "1/2-1/2"]
[WhiteElo "1826"]
[BlackElo "1420"]
[PlyCount "61"]
[EventDate "2023.08.18"]
[EventType "swiss"]
[EventRounds "9"]
[EventCountry "RUS"]
[SourceTitle "CBM 216 Extra"]
[Source "ChessBase"]
[SourceDate "2023.11.30"]
[SourceVersion "1"]
[SourceVersionDate "2023.11.30"]
[SourceQuality "1"]

1. e4 c5 2. Nf3 Nf6 3. e5 Nd5 4. Nc3 Nxc3 5. dxc3 Nc6 6. Bc4 e6 7. Bf4 h6 8. 0-0 Qc7 9. Re1 b6 10. a4 Bb7 11. Qe2 0-0-0 12. Ba6 g5 13. Bg3 d5 14. exd6 Bxd6 15. Rab1 Kb8 16. b4 Bxg3 17. hxg3 cxb4 18. Bxb7 Kxb7 19. cxb4 g4 20. b5 gxf3 21. bxc6+ Qxc6 22. gxf3 Rd5 23. Rb5 Rhd8 24. Rxd5 Rxd5 25. Kg2 Ka8 26. Kg1 Kb7 27. Kg2 Ka8 28. Kg1 Kb7 29. Kg2 Ka8 30. Kg1 Kb7 31. Kg2 1/2-1/2

[Event "St Petersburg Korchnoi Memorial op"]
[Site "St Petersburg"]
[Date "2023.08.21"]
[Round "5"]
[White "Shaposhnikov, Lev"]
[Black "Pankova, Julia"]
[Result "1/2-1/2"]
[WhiteElo "1442"]
[BlackElo "1826"]
[PlyCount "80"]
[EventDate "2023.08.18"]
[EventType "swiss"]
[EventRounds "9"]
[EventCountry "RUS"]
[SourceTitle "CBM 216 Extra"]
[Source "ChessBase"]
[SourceDate "2023.11.30"]
[SourceVersion "1"]
[SourceVersionDate "2023.11.30"]
[SourceQuality "1"]

1. b3 e5 2. Bb2 d6 3. e3 g6 4. Nf3 Bg7 5. Be2 Ne7 6. 0-0 0-0 7. Ne1 Be6 8. d3 Nd7 9. g3 f5 10. Ng2 f4 11. exf4 exf4 12. Bxg7 Kxg7 13. Nxf4 Rxf4 14. gxf4 Qf8 15. Bg4 Nf5 16. Nd2 Nf6 17. Bxf5 Bxf5 18. Qf3 Qf7 19. Ne4 Rg8 20. Nxf6 Qxf6 21. Qg3 h6 22. h4 Kf7 23. Kg2 g5 24. fxg5 hxg5 25. h5 Bd7 26. Rae1 Bc6+ 27. Kg1 g4 28. d4 Rg5 29. c4 Bf3 30. Qh4 Qh6 31. Re3 Qxh5 32. Qxh5+ Rxh5 33. Rxf3+ gxf3 34. Re1 Rg5+ 35. Kf1 Rh5 36. Kg1 Rg5+ 37. Kf1 Rh5 38. Kg1 Rg5+ 39. Kf1 Rh5 40. Kg1 Rg5+ 1/2-1/2

[Event "RUS-ch U20 Girls"]
[Site "Loo"]
[Date "2021.04.28"]
[Round "8"]
[White "Pankova, Julia"]
[Black "Filippova, Darya"]
[Result "1-0"]
[WhiteElo "1884"]
[BlackElo "1915"]
[PlyCount "87"]
[EventDate "2021.04.21"]
[EventType "swiss"]
[EventRounds "9"]
[EventCountry "RUS"]
[SourceTitle "CBM 202 Extra"]
[Source "ChessBase"]
[SourceDate "2021.07.31"]
[SourceVersion "1"]
[SourceVersionDate "2021.07.31"]
[SourceQuality "1"]

1. e4 e5 2. Nf3 Nf6 3. Nxe5 d6 4. Nf3 Nxe4 5. d4 d5 6. Bd3 Bd6 7. c4 c6 8. 0-0 0-0 9. Nc3 Nxc3 10. bxc3 Bg4 11. h3 Bh5 12. Rb1 dxc4 13. Bxc4 b5 14. Be2 Re8 15. Be3 Bc7 16. Re1 a6 17. Ne5 Bxe2 18. Rxe2 Bxe5 19. dxe5 Nd7 20. Rd2 Re7 21. Bg5 Ra7 22. Qg4 h6 23. Bxe7 Qxe7 24. Rbd1 Nxe5 25. Rd8+ Kh7 26. Qe4+ Ng6 27. Qxc6 Qe2 28. Qe8 Ne5 29. Qg8+ Kg6 30. R8d6+ f6 31. R6d2 Qe4 32. Qd5 Qf5 33. Qd8 Qe4 34. Qd4 Qa8 35. f4 Rd7 36. Qe3 Rxd2 37. Qxd2 Nc4 38. Qd3+ f5 39. Qd5 Qe8 40. Kh2 Qe2 41. Qf3 Qxa2 42. Rd7 Qc2 43. Qg3+ Kh5 44. Rxg7 1-0

[Event "RUS-ch U20 Girls"]
[Site "Loo"]
[Date "2021.04.21"]
[Round "1"]
[White "Goltseva, Ekaterina"]
[Black "Pankova, Julia"]
[Result "1-0"]
[WhiteElo "2269"]
[BlackElo "1884"]
[PlyCount "149"]
[EventDate "2021.04.21"]
[EventType "swiss"]
[EventRounds "9"]
[EventCountry "RUS"]
[SourceTitle "CBM 202 Extra"]
[Source "ChessBase"]
[SourceDate "2021.07.31"]
[SourceVersion "1"]
[SourceVersionDate "2021.07.31"]
[SourceQuality "1"]

1. d4 Nf6 2. c4 e6 3. g3 d5 4. Nf3 Be7 5. Bg2 0-0 6. Qc2 Nc6 7. 0-0 dxc4 8. Qxc4 Qd5 9. b3 Rd8 10. Bb2 Qh5 11. Nbd2 Bd7 12. e4 Rac8 13. a3 Nb8 14. Ne5 c5 15. d5 b5 16. Qc3 exd5 17. Nxd7 Nbxd7 18. exd5 Bd6 19. Rfe1 Re8 20. Ne4 Be5 21. Nxf6+ Bxf6 22. Qc2 Ne5 23. Bxe5 Bxe5 24. Rad1 Bd6 25. Qd3 c4 26. bxc4 Rxe1+ 27. Rxe1 bxc4 28. Qc3 Qg6 29. Bh3 Rf8 30. Qxc4 Bxa3 31. Qc7 Qb6 32. Qc6 Bc5 33. Re2 h6 34. Kg2 Bd6 35. Bf5 g6 36. Bd7 Kh7 37. Ra2 Rd8 38. Ra6 Qxc6 39. dxc6 Ra8 40. Kf3 Kg7 41. Ke4 Kf8 42. f4 Ke7 43. f5 Bc7 44. Kd5 Kf6 45. fxg6 fxg6 46. Kc4 Ke5 47. g4 Ke4 48. h4 Ke5 49. Ra1 a5 50. Be8 Kf4 51. Bxg6 Kxg4 52. h5 Rb8 53. Kd5 Rd8+ 54. Ke4 Kg5 55. Rf1 Rd6 56. Rg1+ Kf6 57. Bf5 Kf7 58. Bd7 Rf6 59. Kd5 Rd6+ 60. Kc5 Rf6 61. Rb1 Ke7 62. Re1+ Kf7 63. Be8+ Kf8 64. Bg6 Bd6+ 65. Kd5 a4 66. Re8+ Kg7 67. c7 Bxc7 68. Re7+ Kg8 69. Rxc7 Ra6 70. Ke5 a3 71. Bf7+ Kf8 72. Ba2 Ra5+ 73. Kf6 Ra6+ 74. Be6 Ra8 75. Rh7 1-0

[Event "St Petersburg Korchnoi Memorial op"]
[Site "St Petersburg"]
[Date "2019.08.14"]
[Round "1"]
[White "Pankova, Julia"]
[Black "Odegov, Artem"]
[Result "1-0"]
[WhiteElo "1820"]
[BlackElo "2261"]
[PlyCount "69"]
[EventDate "2019.08.14"]
[EventType "swiss"]
[EventRounds "9"]
[EventCountry "RUS"]
[SourceTitle "CBM 192"]
[Source "ChessBase"]
[SourceDate "2019.10.31"]
[SourceVersion "1"]
[SourceVersionDate "2019.10.31"]
[SourceQuality "1"]

1. e4 c5 2. Nf3 d6 3. d4 Nf6 4. Nc3 cxd4 5. Qxd4 Nc6 6. Bb5 Bd7 7. Bxc6 Bxc6 8. Bg5 e6 9. 0-0-0 Be7 10. Qd3 Qa5 11. h4 h6 12. Bxf6 Bxf6 13. Nd4 Rd8 14. f4 0-0 15. g4 Bxd4 16. Qxd4 Qc5 17. Rhg1 b5 18. Ne2 f6 19. Qd3 e5 20. g5 fxg5 21. hxg5 exf4 22. gxh6 Rf7 23. Nd4 Bd7 24. Rg6 Qc4 25. Qf3 Rc8 26. hxg7 Qxa2 27. Qh5 Rxg7 28. Rxg7+ Kxg7 29. Rg1+ Kf8 30. Qh8+ Ke7 31. Rg7+ Kf6 32. Rg8+ Ke7 33. Qh4+ Kf7 34. Qh7+ Kf6 35. Qg7# 1-0

[Event "St Petersburg-ch (Women)"]
[Site "St Petersburg"]
[Date "2019.03.14"]
[Round "4"]
[White "Pankova, Julia"]
[Black "Karmanova, Olga Dm"]
[Result "1-0"]
[WhiteElo "1906"]
[BlackElo "1823"]
[PlyCount "75"]
[EventDate "2019.03.11"]
[EventType "swiss"]
[EventRounds "9"]
[EventCountry "RUS"]
[SourceTitle "CBM 189 Extra"]
[Source "ChessBase"]
[SourceDate "2019.05.31"]
[SourceVersion "1"]
[SourceVersionDate "2019.05.31"]
[SourceQuality "1"]

1. e4 c5 2. Nf3 e6 3. d4 cxd4 4. Nxd4 Nf6 5. Nc3 Nc6 6. Be2 Be7 7. 0-0 0-0 8. Be3 d6 9. f4 a6 10. Bf3 Qc7 11. Qe1 Re8 12. Kh1 Nd7 13. Rd1 Bf8 14. Qg3 Na5 15. Nce2 Nc4 16. Bc1 b5 17. b3 Ncb6 18. e5 Bb7 19. exd6 Bxd6 20. Bxb7 Qxb7 21. Nxb5 axb5 22. Rxd6 Rxa2 23. f5 exf5 24. Nd4 f4 25. Bxf4 Qe4 26. Nf3 Raa8 27. Bh6 g6 28. h3 Rab8 29. Ng5 Qe5 30. Rxf7 Qe1+ 31. Qxe1 Rxe1+ 32. Kh2 Ne5 33. Rxb6 Re8 34. Rg7+ Kh8 35. Rbb7 b4 36. Rxh7+ Kg8 37. Rbg7+ Kf8 38. Rh8# 1-0

[Event "St Petersburg-ch (Women)"]
[Site "St Petersburg"]
[Date "2019.03.11"]
[Round "1"]
[White "Belenkaya, Dina"]
[Black "Pankova, Julia"]
[Result "1-0"]
[WhiteElo "2360"]
[BlackElo "1906"]
[PlyCount "71"]
[EventDate "2019.03.11"]
[EventType "swiss"]
[EventRounds "9"]
[EventCountry "RUS"]
[SourceTitle "CBM 189 Extra"]
[Source "ChessBase"]
[SourceDate "2019.05.31"]
[SourceVersion "1"]
[SourceVersionDate "2019.05.31"]
[SourceQuality "1"]

1. e4 c5 2. Nf3 Nc6 3. Bb5 g6 4. 0-0 Bg7 5. c3 e5 6. Re1 Nge7 7. a3 0-0 8. b4 d6 9. d3 h6 10. Nbd2 Be6 11. Bb2 Kh7 12. Nf1 f5 13. exf5 gxf5 14. Qc2 Rc8 15. bxc5 dxc5 16. Ne3 Qc7 17. a4 Na5 18. Nd2 a6 19. Bc4 Nxc4 20. dxc4 Ng6 21. Ba3 Qc6 22. Nb3 f4 23. Nd5 Bf5 24. Qd1 f3 25. Bxc5 Rfd8 26. a5 fxg2 27. Qh5 Bc2 28. Nb4 Qe6 29. Nxc2 Nf4 30. Qf3 Qg6 31. Ne3 Rg8 32. Nd5 Nd3 33. Ne7 Nxe1 34. Rxe1 Qc2 35. Qe4+ Qxe4 36. Rxe4 1-0

[Event "Chigorin Memorial 26th"]
[Site "St Petersburg"]
[Date "2018.11.03"]
[Round "8"]
[White "Pankova, Julia"]
[Black "Klepikov, Nikita"]
[Result "0-1"]
[WhiteElo "1826"]
[BlackElo "2228"]
[PlyCount "70"]
[EventDate "2018.10.27"]
[EventType "swiss"]
[EventRounds "9"]
[EventCountry "RUS"]
[SourceTitle "CBM 187 Extra"]
[Source "ChessBase"]
[SourceDate "2018.11.04"]
[SourceVersion "1"]
[SourceVersionDate "2018.11.04"]
[SourceQuality "1"]

1. e4 d6 2. d4 Nf6 3. Nc3 g6 4. Bc4 Bg7 5. Nge2 0-0 6. 0-0 Nxe4 7. Bxf7+ Rxf7 8. Nxe4 d5 9. Ng5 Rf8 10. Qd3 Qd6 11. c3 h6 12. Nf3 Nc6 13. h3 Bf5 14. Qe3 g5 15. Ng3 e5 16. dxe5 Nxe5 17. Nxf5 Rxf5 18. Nd4 Rf7 19. f4 gxf4 20. Rxf4 Raf8 21. Rxf7 Rxf7 22. b3 c5 23. Ne2 d4 24. cxd4 cxd4 25. Qd2 Qg6 26. Nxd4 Rd7 27. Kh1 Nf3 28. gxf3 Rxd4 29. Qe1 Rd5 30. Be3 Bxa1 31. Qxa1 Qc2 32. Bd4 Kh7 33. Qc3 Qd1+ 34. Bg1 Rg5 35. Qc7+ Kg6 0-1

[Event "Chigorin Memorial 26th"]
[Site "St Petersburg"]
[Date "2018.11.01"]
[Round "6"]
[White "Pankova, Julia"]
[Black "Efremov, Vladislav"]
[Result "1-0"]
[WhiteElo "1826"]
[BlackElo "2035"]
[PlyCount "69"]
[EventDate "2018.10.27"]
[EventType "swiss"]
[EventRounds "9"]
[EventCountry "RUS"]
[SourceTitle "CBM 187 Extra"]
[Source "ChessBase"]
[SourceDate "2018.11.04"]
[SourceVersion "1"]
[SourceVersionDate "2018.11.04"]
[SourceQuality "1"]

1. e4 c5 2. Nf3 a6 3. c4 e6 4. d4 cxd4 5. Nxd4 b6 6. Nc3 Bb7 7. Be2 d6 8. Be3 Nf6 9. Qc2 Be7 10. 0-0 0-0 11. f4 Nbd7 12. Bf3 Qc7 13. b3 Rac8 14. Rac1 Rfe8 15. Kh1 Qb8 16. g4 e5 17. Nf5 exf4 18. Bxf4 Ne5 19. Bxe5 dxe5 20. Rcd1 Bc6 21. Qg2 Nd7 22. g5 Nf8 23. Nd5 Bxd5 24. cxd5 Bd6 25. Bg4 Rc5 26. Qf3 Rd8 27. Nh6+ Kh8 28. Nxf7+ Kg8 29. Nxd8 Qxd8 30. Qf7+ Kh8 31. Rd3 Ng6 32. Rdf3 Rc7 33. Qxg6 hxg6 34. Rh3+ Kg8 35. Be6+ 1-0

[Event "St Petersburg Korchnoi Memorial op"]
[Site "St Petersburg"]
[Date "2018.08.23"]
[Round "9"]
[White "Pankova, Julia"]
[Black "Kiseleva, Arina"]
[Result "1-0"]
[WhiteElo "1848"]
[BlackElo "2067"]
[PlyCount "143"]
[EventDate "2018.08.15"]
[EventType "swiss"]
[EventRounds "9"]
[EventCountry "RUS"]
[SourceTitle "CBM 186 Extra"]
[Source "ChessBase"]
[SourceDate "2018.08.24"]
[SourceVersion "1"]
[SourceVersionDate "2018.08.24"]
[SourceQuality "1"]

1. e4 c5 2. Nf3 Nc6 3. d4 cxd4 4. Nxd4 g6 5. Nc3 Bg7 6. Be3 Nf6 7. Bc4 Ne5 8. Bb3 Neg4 9. Qd2 Nxe3 10. Qxe3 d6 11. f3 Qb6 12. 0-0-0 Bd7 13. Qd3 0-0 14. g4 Qc5 15. h4 h5 16. g5 Nh7 17. f4 Bg4 18. Rd2 Rfd8 19. f5 Nf8 20. Nd5 Rd7 21. Rf1 Be5 22. Ne3 Kg7 23. fxg6 Nxg6 24. Nxg4 hxg4 25. Rxf7+ Kh8 26. Ne6 Qg1+ 27. Rd1 Qg3 28. h5 Qxd3 29. Rxd3 Nh4 30. g6 Kg8 31. Ng5 d5 32. exd5 Rd6 33. Ne4 Rf8 34. Nxd6 exd6 35. Rxf8+ Kxf8 36. Rd1 g3 37. c3 g2 38. Bc2 Bf4+ 39. Kb1 Nf3 40. Be4 g1Q 41. Rxg1 Nxg1 42. Kc2 Nh3 43. b4 Nf2 44. Bf3 Kg7 45. a4 b6 46. Kb3 Nd3 47. Be4 Ne5 48. a5 bxa5 49. bxa5 Be3 50. Kb4 Bc5+ 51. Kb5 Nd7 52. Kc6 Nf6 53. Bf3 Kh6 54. Kc7 Ba3 55. Kb7 Bc5 56. Kc7 Ne8+ 57. Kd7 Ng7 58. Kc7 Nf5 59. Kc6 Ne3 60. Kb5 Ba3 61. Ka6 Nc4 62. Be2 Ne3 63. Kxa7 Nxd5 64. c4 Nf4 65. Bf3 Bb2 66. Kb7 Nxh5 67. Bxh5 Kxh5 68. Kc6 Kxg6 69. Kxd6 Kf6 70. a6 Be5+ 71. Kc6 Bb8 72. Kb7 1-0

[Event "St Petersburg Korchnoi Memorial op"]
[Site "St Petersburg"]
[Date "2018.08.19"]
[Round "5"]
[White "Pankova, Julia"]
[Black "Chigaeva, Anastasia"]
[Result "1/2-1/2"]
[WhiteElo "1848"]
[BlackElo "2143"]
[PlyCount "84"]
[EventDate "2018.08.15"]
[EventType "swiss"]
[EventRounds "9"]
[EventCountry "RUS"]
[SourceTitle "CBM 186 Extra"]
[Source "ChessBase"]
[SourceDate "2018.08.24"]
[SourceVersion "1"]
[SourceVersionDate "2018.08.24"]
[SourceQuality "1"]

1. e4 e6 2. d4 d5 3. Nc3 Nf6 4. e5 Nfd7 5. f4 c5 6. Nf3 Qb6 7. Be3 Nc6 8. Qd2 a6 9. Be2 Qxb2 10. Rb1 Qa3 11. 0-0 cxd4 12. Nxd4 Nxd4 13. Bxd4 Bc5 14. Kh1 Bxd4 15. Qxd4 Qc5 16. Qd3 0-0 17. Rf3 b5 18. Rh3 f5 19. Bf3 Bb7 20. Ne2 Rfc8 21. Nd4 Nf8 22. Be2 Rc7 23. Rd1 Rac8 24. Qg3 Qe7 25. Qe1 b4 26. Qf1 a5 27. Bd3 Bc6 28. Qe2 Be8 29. Rg1 Kh8 30. Qf2 Rc3 31. g4 g6 32. g5 Qa7 33. Rf1 Ba4 34. Rg3 Ra3 35. Ra1 Be8 36. Qe3 Qc5 37. Rgg1 Ba4 38. Qf2 Be8 39. Rgc1 Rc3 40. Rd1 a4 41. Kg2 Qb6 42. h4 Kg8 1/2-1/2

[Event "St Petersburg-ch (Women)"]
[Site "St Petersburg"]
[Date "2018.03.25"]
[Round "7"]
[White "Golovkina, Anastasia"]
[Black "Pankova, Julia"]
[Result "1-0"]
[WhiteElo "2108"]
[BlackElo "1810"]
[PlyCount "77"]
[EventDate "2018.03.19"]
[EventType "swiss"]
[EventRounds "9"]
[EventCountry "RUS"]
[SourceTitle "CBM 183 Extra"]
[Source "ChessBase"]
[SourceDate "2018.04.19"]
[SourceVersion "1"]
[SourceVersionDate "2018.04.19"]
[SourceQuality "1"]

1. e4 c5 2. Nf3 a6 3. c4 Nc6 4. d4 cxd4 5. Nxd4 e5 6. Nb3 Nf6 7. Nc3 Bb4 8. Bd3 0-0 9. Bd2 d6 10. 0-0 h6 11. a3 Bc5 12. Nxc5 dxc5 13. Nd5 Nxd5 14. exd5 Nd4 15. f4 exf4 16. Rxf4 b5 17. b4 Ne6 18. Rf2 Bb7 19. Bb1 Nd4 20. bxc5 bxc4 21. c6 Bxc6 22. dxc6 Nb3 23. Ra2 Qb6 24. Qc2 g6 25. Bxh6 Rfe8 26. Qc3 Nd4 27. Rab2 Qc5 28. Be3 Rad8 29. h3 Qe5 30. Bxd4 Rxd4 31. Qf3 f5 32. Rbe2 Rd1+ 33. Rf1 Qd4+ 34. Kh1 Rd8 35. Bc2 Rd2 36. Rxd2 Qxd2 37. Rd1 Qg5 38. Rxd8+ Qxd8 39. Qc3 1-0

[Event "St Petersburg-ch (Women)"]
[Site "St Petersburg"]
[Date "2018.03.22"]
[Round "4"]
[White "Moskaleva, Arina"]
[Black "Pankova, Julia"]
[Result "1/2-1/2"]
[WhiteElo "1769"]
[BlackElo "1810"]
[PlyCount "71"]
[EventDate "2018.03.19"]
[EventType "swiss"]
[EventRounds "9"]
[EventCountry "RUS"]
[SourceTitle "CBM 183 Extra"]
[Source "ChessBase"]
[SourceDate "2018.04.19"]
[SourceVersion "1"]
[SourceVersionDate "2018.04.19"]
[SourceQuality "1"]

1. c4 c5 2. Nc3 Nc6 3. Nf3 e5 4. e3 Nf6 5. d4 e4 6. d5 exf3 7. dxc6 dxc6 8. Qxd8+ Kxd8 9. gxf3 Bd6 10. b3 Re8 11. Bb2 Kc7 12. 0-0-0 Be6 13. Bd3 Rad8 14. Ne4 Nxe4 15. Bxe4 f5 16. Bc2 g6 17. h4 f4 18. h5 fxe3 19. fxe3 Bf5 20. e4 Bf4+ 21. Kb1 Rxd1+ 22. Rxd1 Be6 23. hxg6 hxg6 24. Rh1 Rf8 25. Rh4 Bg3 26. Rh7+ Rf7 27. Rxf7+ Bxf7 28. Kc1 Bf4+ 29. Kd1 Kd6 30. Ke2 Be8 31. Bg7 Ke7 32. Bb2 Kd6 33. Bg7 Ke7 34. Bb2 Kd6 35. Bg7 Ke7 36. Bb2 1/2-1/2

[Event "St Petersburg-ch (Women)"]
[Site "St Petersburg"]
[Date "2018.03.19"]
[Round "1"]
[White "Kiseleva, Arina"]
[Black "Pankova, Julia"]
[Result "1-0"]
[WhiteElo "2087"]
[BlackElo "1810"]
[PlyCount "99"]
[EventDate "2018.03.19"]
[EventType "swiss"]
[EventRounds "9"]
[EventCountry "RUS"]
[SourceTitle "CBM 183 Extra"]
[Source "ChessBase"]
[SourceDate "2018.04.19"]
[SourceVersion "1"]
[SourceVersionDate "2018.04.19"]
[SourceQuality "1"]

1. d4 Nf6 2. Nf3 b6 3. c4 e6 4. Bf4 Bb7 5. e3 d5 6. Nc3 Be7 7. Qa4+ Bc6 8. Qc2 0-0 9. cxd5 exd5 10. Bd3 a6 11. 0-0 Bb7 12. Na4 c6 13. Ne5 h6 14. Rac1 Nfd7 15. Bh7+ Kh8 16. Bf5 Nxe5 17. Bxe5 a5 18. Qb3 b5 19. Nc5 Bxc5 20. dxc5 Nd7 21. Bd6 Re8 22. e4 Nf6 23. e5 Nd7 24. f4 Nf8 25. Bb1 Bc8 26. Qd3 g6 27. Qg3 Nh7 28. f5 gxf5 29. Bxf5 Rg8 30. Qd3 Qg5 31. Rc2 Bxf5 32. Rxf5 Qh4 33. g3 Qg4 34. e6 f6 35. Rf1 Rg5 36. e7 Re8 37. Re2 Rh5 38. Rf4 Qg7 39. Qd4 Ng5 40. Kh1 Ne4 41. Rexe4 dxe4 42. Rxf6 Rf5 43. Rxf5 Qxd4 44. Be5+ Qxe5 45. Rxe5 Kg7 46. Rxe4 Kf6 47. Kg2 Kf5 48. Kf3 h5 49. h3 b4 50. b3 1-0

[Event "Moscow op-B (Women) 14th"]
[Site "Moscow"]
[Date "2018.02.04"]
[Round "9"]
[White "Chan, Naruna"]
[Black "Pankova, Julia"]
[Result "1-0"]
[WhiteElo "1929"]
[BlackElo "1832"]
[PlyCount "71"]
[EventDate "2018.01.27"]
[EventType "swiss"]
[EventRounds "9"]
[EventCountry "RUS"]
[SourceTitle "CBM 182 Extra"]
[Source "ChessBase"]
[SourceDate "2018.02.23"]
[SourceVersion "1"]
[SourceVersionDate "2018.02.23"]
[SourceQuality "1"]

1. e4 c5 2. c3 d5 3. exd5 Qxd5 4. d4 Nf6 5. Nf3 e6 6. Bd3 Be7 7. 0-0 0-0 8. a3 Nc6 9. Be3 cxd4 10. cxd4 b6 11. Nc3 Qd6 12. Qe2 Bb7 13. Rfd1 Rfd8 14. Rac1 Rac8 15. Bg5 Na5 16. Ba6 Qb8 17. Re1 Nb3 18. Rcd1 Bxf3 19. Qxf3 Nxd4 20. Qh3 Rc6 21. Bd3 h6 22. Bh4 Qc8 23. Bb1 Rcd6 24. Kh1 R6d7 25. Rc1 Qb7 26. Re3 Nb5 27. Nxb5 Qc6 28. Nc3 Nd5 29. Bxe7 Rxe7 30. Ree1 Nf4 31. Qg3 g5 32. h4 f6 33. Ne4 Qb5 34. Nxf6+ Kf7 35. Ne4 Qd5 36. hxg5 1-0

[Event "Moscow op-B (Women) 14th"]
[Site "Moscow"]
[Date "2018.02.03"]
[Round "8"]
[White "Pankova, Julia"]
[Black "Grunina, Margarita"]
[Result "1-0"]
[WhiteElo "1832"]
[BlackElo "1729"]
[PlyCount "49"]
[EventDate "2018.01.27"]
[EventType "swiss"]
[EventRounds "9"]
[EventCountry "RUS"]
[SourceTitle "CBM 182 Extra"]
[Source "ChessBase"]
[SourceDate "2018.02.23"]
[SourceVersion "1"]
[SourceVersionDate "2018.02.23"]
[SourceQuality "1"]

1. e4 c5 2. Nf3 Nc6 3. d4 cxd4 4. Nxd4 g6 5. Nc3 Bg7 6. Be3 Nf6 7. Bc4 0-0 8. Bb3 d6 9. f3 Qa5 10. Qd2 Nxd4 11. Bxd4 Be6 12. 0-0 Bxb3 13. cxb3 Rfc8 14. Kh1 b5 15. h4 b4 16. Ne2 Rc6 17. a4 Nd7 18. Bxg7 Kxg7 19. h5 g5 20. Nd4 Ra6 21. Nf5+ Kf6 22. f4 Qc5 23. fxg5+ Ke5 24. g3 Nb6 25. Ng7 1-0

[Event "Moscow op-B (Women) 14th"]
[Site "Moscow"]
[Date "2018.01.27"]
[Round "1"]
[White "Pankova, Julia"]
[Black "Afonasieva, Anna"]
[Result "0-1"]
[WhiteElo "1832"]
[BlackElo "2178"]
[PlyCount "110"]
[EventDate "2018.01.27"]
[EventType "swiss"]
[EventRounds "9"]
[EventCountry "RUS"]
[SourceTitle "CBM 182 Extra"]
[Source "ChessBase"]
[SourceDate "2018.02.23"]
[SourceVersion "1"]
[SourceVersionDate "2018.02.23"]
[SourceQuality "1"]

1. e4 c5 2. Nf3 d6 3. d4 cxd4 4. Qxd4 Nc6 5. Bb5 Bd7 6. Bxc6 Bxc6 7. Nc3 h6 8. Be3 e5 9. Qd3 Nf6 10. h3 Be7 11. 0-0-0 0-0 12. g4 b5 13. g5 hxg5 14. Nxg5 b4 15. Nd5 Nxd5 16. exd5 Bxg5 17. dxc6 Rc8 18. Qxd6 Bxe3+ 19. fxe3 Qb6 20. Qxe5 Rfe8 21. Qg5 Qxc6 22. Rh2 Qe6 23. Kb1 Qxe3 24. Qg4 a5 25. Rg2 Qe5 26. h4 a4 27. Rgd2 a3 28. Qd4 Qxd4 29. Rxd4 Re2 30. R4d2 Rxd2 31. Rxd2 Re8 32. bxa3 bxa3 33. c3 Re4 34. Rh2 f5 35. Kc2 Kf7 36. Kd3 Rg4 37. c4 Ke6 38. h5 Kd6 39. h6 gxh6 40. Rxh6+ Kc5 41. Rf6 Rg3+ 42. Kc2 Rf3 43. Rf8 Kxc4 44. Rc8+ Kd4 45. Rd8+ Ke4 46. Re8+ Kf4 47. Rg8 Re3 48. Rf8 Kg4 49. Kd2 f4 50. Rf7 Kf3 51. Kd1 Re4 52. Ra7 Kg2 53. Rg7+ Kf2 54. Rg4 Re1+ 55. Kd2 f3 0-1

[Event "Chigorin Memorial 25th"]
[Site "St Petersburg"]
[Date "2017.10.28"]
[Round "8"]
[White "Popova, Polina Aleksandrovn"]
[Black "Pankova, Julia"]
[Result "0-1"]
[WhiteElo "1560"]
[BlackElo "1785"]
[PlyCount "114"]
[EventDate "2017.10.21"]
[EventType "swiss"]
[EventRounds "9"]
[EventCountry "RUS"]
[SourceTitle "CBM 181 Extra"]
[Source "ChessBase"]
[SourceDate "2017.12.12"]
[SourceVersion "1"]
[SourceVersionDate "2017.12.12"]
[SourceQuality "1"]

1. e4 c5 2. Nf3 e6 3. d4 cxd4 4. Nxd4 a6 5. Be2 Qc7 6. c4 Nf6 7. Nc3 Bb4 8. Bd3 Nc6 9. Be3 Ne5 10. Rc1 0-0 11. a3 Be7 12. h3 d6 13. 0-0 Nfd7 14. f4 Nxd3 15. Qxd3 Bf6 16. Nb3 Rd8 17. Qe2 b6 18. Nd1 Bb7 19. Nf2 Nc5 20. Nxc5 bxc5 21. Ng4 Be7 22. f5 exf5 23. exf5 f6 24. Bf2 Re8 25. Rfe1 Qc6 26. Ne3 Bf8 27. Qg4 Re4 28. Qg3 Qd7 29. Qf3 Rxc4 30. Qd1 Rxc1 31. Qxc1 Re8 32. Rd1 d5 33. Qc2 d4 34. Qb3+ Kh8 35. Nf1 Bd5 36. Qb6 Qxf5 37. Ng3 Qc8 38. Qa5 Bb7 39. Qd2 Qc6 40. Be1 Qd5 41. Qf2 Re5 42. Bd2 d3 43. Bc3 Re6 44. Qf3 Qxf3 45. gxf3 c4 46. Kf2 Bc5+ 47. Kg2 Re3 48. Rf1 Kg8 49. Bd2 Re6 50. Rc1 Bd5 51. Kf1 Be3 52. Rd1 Bxf3 53. Re1 Be2+ 54. Nxe2 Bxd2 55. Nd4 Rxe1+ 56. Kg2 Be3 57. Nf3 Re2+ 0-1

[Event "Chigorin Memorial 24th"]
[Site "St Petersburg"]
[Date "2016.10.20"]
[Round "6"]
[White "Kurbanov, Sergey"]
[Black "Pankova, Julia"]
[Result "1/2-1/2"]
[WhiteElo "1198"]
[BlackElo "1745"]
[PlyCount "93"]
[EventDate "2016.10.15"]
[EventType "swiss"]
[EventRounds "9"]
[EventCountry "RUS"]
[SourceTitle "CBM 175 Extra"]
[Source "ChessBase"]
[SourceDate "2016.12.12"]
[SourceVersion "1"]
[SourceVersionDate "2016.12.12"]
[SourceQuality "1"]

1. e4 c5 2. Nc3 Nc6 3. g3 g6 4. Bg2 Bg7 5. d3 d6 6. f4 e6 7. Be3 Nge7 8. Qd2 0-0 9. Nf3 Rb8 10. a4 b6 11. 0-0 Nd4 12. Qf2 Nxf3+ 13. Bxf3 Bb7 14. Qd2 d5 15. exd5 exd5 16. Bf2 Nf5 17. Rfe1 Qd7 18. g4 Nd4 19. Bxd4 Bxd4+ 20. Kg2 Rbe8 21. Kg3 f5 22. g5 Bg7 23. Qg2 Rd8 24. h4 Rf7 25. h5 d4 26. hxg6 hxg6 27. Bxb7 Qxb7 28. Qxb7 Rxb7 29. Ne2 Rc7 30. b3 Re8 31. Ng1 Rce7 32. Rxe7 Rxe7 33. Nf3 Re2 34. Rc1 a6 35. Kh3 Kf7 36. Kg3 b5 37. axb5 axb5 38. Ng1 Re3+ 39. Nf3 Re2 40. Ng1 Re3+ 41. Nf3 c4 42. bxc4 bxc4 43. dxc4 Rc3 44. Rd1 Rxc4 45. Rd2 Ke6 46. Re2+ Kf7 47. Rd2 1/2-1/2